Magyar statisztikai zsebkönyv 7. évfolyam

Uložené v:
Podrobná bibliografia
Médium: Kniha
Jazyk:Hungarian
Vydané: Budapest : A M. Kir. Központi Statistikai Hivatal, 1938.
ISBN: (brož.)
Fyzický popis: 328 s.
Tagy: Pridať tag
Žiadne tagy, Buďte prvý kto otaguje tento záznam!

MARC

LEADER 00000nam a22000004a 4500
001 000429607
005 20150201211126.0
008 130728s1938 hu hun d
020 |a (brož.)  |c Kčs 4,00 
040 |a SVKKK  |b slo  |c SVKKK  |e AACR2 
041 0 |a hun 
044 |a hu  |c HU 
245 0 0 |a Magyar statisztikai zsebkönyv  |n 7. évfolyam 
260 |a Budapest :  |b A M. Kir. Központi Statistikai Hivatal,  |c 1938. 
300 |a 328 s. 
910 |a svkkk 
998 |a BK 
090 |g SCKHL  |k Sklad Pribinova prízemie  |a I.13293  |j 183040  |i 2720383902  |s Prezenčne